000 00412nam a2200157Ia 4500
005 20241218175327.0
008 231217s9999 xx 000 0 und d
020 _a9788120321779
082 _a001.6443 AND;4
100 _aAndleigh, Prabhat K. Thakrar, Kiran.
245 0 _aMultimedia systems design
260 _c1996
_bPHI
_aNew Delhi
300 _axvii+654
650 _aMultimedia,systems
942 _cAA
999 _c173925
_d173925